000 00394 a2200157 4500
005 20250610160735.0
020 _a978-1-266-20389-3
082 _a657.96 DOU
100 _aDOUPNIK, T.
245 _aInternational Accounting.
250 _a6th Ed
260 _aNew York,
_bMcGraw-Hill,
_c2024.
300 _axxi, 522p.: ill.;
_bIndex
_c25cm.
700 _aFINN, M. & GOTTI, G.
942 _2ddc
_cBKS
999 _c3650
_d3650